=LDR 00000nam 2200000 4500 =001 000934 =005 20250712125902 =035 ##$$a 0010-0725000812 =007 ta =008 250712################a##########0#jpn## =020 ##$$a 978-623-472-480-6 =082 ##$$a 398.209 598 =084 ##$$a 398.209 598 RAJ a =100 #$$a Rajendran, Sowmya =245 1#$$a Anak Anjing Ammu /$c Sowmya Rajendran =250 ##$$a cetakan pertama =260 ##$$a jakarat :$b badan pengembangan dan pembinaan bahasa,$c 2022 =300 ##$$a 17 hlm. : $b ilus. ; $c 22,9 cm$e 398.209 598 =650 #4$$a cerita anak indonesia =856 ##$$a TBM AS SUHADA =990 ##$$a TBM202400753